| 000 | 00591nam a2200193 a 4500 | ||
|---|---|---|---|
| 005 | 20140311163012.0 | ||
| 008 | 060810s19uu xx 00 eng d | ||
| 020 | _a0750666684 | ||
| 050 |
_aHD 30.2 _b.In5597 2006 |
||
| 100 | _aHinton, Mattew, edited by | ||
| 245 |
_aIntroducing information management: _bthe business approach. / |
||
| 260 |
_aAmsterdam : _bElseviere Butterworth Heinemann, _c2006. |
||
| 300 |
_a212 p. : _bill. ; _c26 cm. |
||
| 521 | _aIT | ||
| 650 | _aKnowledge management. | ||
| 650 | _aInformation resources management. | ||
| 942 |
_cBK _2lcc _kFOR |
||
| 999 |
_c39381 _d39381 |
||